000
00248nam a2200109Ia 4500
008
200302s9999 xx 000 0 und d
100
_a
Felipe Candiota
245
_a
Brazil Hotels
260
_b
Loft Publications
260
_c
2011
300
_a
406 P.,
999
_c
3083
_d
3083